Richtlinien für das Strafverfahren vom 1. August 1953 in der ab 1. Januar 1960 geltenden, bundeseinheitlichen Fassung; Textausg. ...
Disimpan dalam:
| Pengarang Korporat: | |
|---|---|
| Format: | Buku |
| Bahasa: | German |
| Diterbitkan: |
München,
C.H. Beck,
1966.
|
| Edisi: | 3., neubearb. Aufl. ... |
| Siri: | Beck'sche Textausgaben
|
| Penanda-penanda: |
Tambah Penanda
Tiada Penanda, Jadilah orang pertama menanda rekod ini!
|
| LEADER | 00721nam a2200205K 4500 | ||
|---|---|---|---|
| 001 | 005294791-2 | ||
| 005 | 20020606095253.2 | ||
| 008 | 950213s1966 gw 000 0 ger d | ||
| 035 | 0 | |a ocm80391782 | |
| 040 | |a HVL |c HVL | ||
| 110 | 1 | |a Germany (West). |b Bundesministerium der justiz. | |
| 245 | 1 | 0 | |a Richtlinien für das Strafverfahren vom 1. August 1953 in der ab 1. Januar 1960 geltenden, bundeseinheitlichen Fassung; |b Textausg. ... |
| 250 | |a 3., neubearb. Aufl. ... | ||
| 260 | |a München, |b C.H. Beck, |c 1966. | ||
| 300 | |a 159, [1] p. |c 20 cm. | ||
| 490 | 0 | |a Beck'sche Textausgaben | |
| 500 | |a "Stand vom 1. Juni 1966." | ||
| 690 | 9 | |a Criminal procedure |z Germany (Federal republic, 1949- ) |5 law | |
| 988 | |a 20020608 | ||
| 906 | |0 MH | ||


